书目信息 |
| 题名: |
特殊教育导论
|
|
| 作者: | 刘全礼 著 | |
| 分册: | ||
| 出版信息: | 北京 教育科学出版社 2004 |
|
| 页数: | 304页 | |
| 开本: | 23cm | |
| 丛书名: | ||
| 单 册: | ||
| 中图分类: | G760 , G76 | |
| 科图分类: | ||
| 主题词: | 特殊教育--儿童教育--高等学校--教材 , 特殊教育 | |
| 电子资源: | ||
| ISBN: | 7-5041-2446-X | |
| 000 | 00989nam0 2200277 450 | |
| 000 | 00992nam0 2200265 450 | |
| 000 | 00925nam0 2200241 450 | |
| 000 | 00889oam2 2200229 45 | |
| 005 | 20070727152638.62 | |
| 010 | @a7-5041-2446-X@dCNY30.00 | |
| 100 | @a20070706d2004 em y0chiy0120 ea | |
| 101 | 0 | @achi |
| 102 | @aCN@b110000 | |
| 105 | @ay z 000yy | |
| 200 | 1 | @a特殊教育导论@ATe Shu Jiao Yu Dao Lun@f刘全礼著@FLiu Quan Li Zhu |
| 210 | @a北京@c教育科学出版社@d2004 | |
| 215 | @a304页@d23cm | |
| 300 | @a北京市高等教育精品教材立项项目 | |
| 330 | @a本书把建立学生正确的特殊儿童观、特殊教育观等基本观点作为重要内容进行了阐述,在明确提出特殊儿童观、特殊教育观概念的同时,还阐述了特殊教育变化和发展的观点,论述了特殊教育与相关学科、某些社会现象的关系。 | |
| 606 | 0 | @a特殊教育@x儿童教育@x高等学校@j教材 |
| 606 | 0 | @a特殊教育 |
| 690 | @aG760@v4 | |
| 690 | @aG76@v3 | |
| 701 | 0 | @a刘全礼@ALiu Quan Li@f(1961~)@4著 |
| 801 | 0 | @aCN@bTAOJIN@c20070727 |
| 905 | @a10447@dG76@e25 | |
| 特殊教育导论/刘全礼著.-北京:教育科学出版社,2004 |
| 304页;23cm |
| 北京市高等教育精品教材立项项目 |
| ISBN 7-5041-2446-X:CNY30.00 |
| 本书把建立学生正确的特殊儿童观、特殊教育观等基本观点作为重要内容进行了阐述,在明确提出特殊儿童观、特殊教育观概念的同时,还阐述了特殊教育变化和发展的观点,论述了特殊教育与相关学科、某些社会现象的关系。 |
| ● |
| 相关链接 |
|
|
|
|
正题名:特殊教育导论
索取号:G76/25
 
预约/预借
| 序号 | 登录号 | 条形码 | 馆藏地/架位号 | 状态 | 备注 |
| 1 | 0821470 | 208214706 | 第一样本阅览室/ [索取号:G76/25] | 在馆 | |
| 2 | 0821471 | 208214715 | 教育系资料室/ [索取号:G76/25] | 在馆 | |
| 3 | 0821472 | 208214724 | 第四借阅区/ [索取号:G76/25] | 在馆 | |
| 4 | 0821473 | 208214733 | 第四借阅区/ [索取号:G76/25] | 在馆 | |
| 5 | 0821474 | 208214742 | 教育系资料室/ [索取号:G76/25] | 在馆 |